El Impacto del Decreto 1510 del 2013 en la Contratacin̤ Pb︢lica

Detalles Bibliográficos
Autor principal: Aponte Mejia, Campo Elias
Formato: eBook
Lenguaje:español
Publicado: Bogot:̀ Editorial Acadm̌ica Espaǫla, 2019
Materias:
Acceso en línea:Acceso restringido

MARC

LEADER 00000nam a22000007a 4500
005 20191009214046.0
007 cr|||| ||||
008 191009s2019 co |||||s|||| 00||0 spa d
020 |a 9786139440115 
035 |a 29632 
040 |a vLex 
090 |c 9755  |d 9755 
100 1 |a Aponte Mejia, Campo Elias 
245 1 0 |a El Impacto del Decreto 1510 del 2013 en la Contratacin̤ Pb︢lica  |h [Recurso electrn̤ico] /  |c Campo Elias Aponte Mejia 
256 |a Servicio en ln̕ea 
260 |a Bogot:̀  |b Editorial Acadm̌ica Espaǫla,  |c 2019 
300 |a 1 recurso electrn̤ico 
500 |a La contratacin̤ pb︢lica en Colombia ha sido transformada de manera constante por sucesivos cambios normativos que en ocasiones han implicado que se dificulte su desarrollo. En aras de realizar aportes en esta temt̀ica, la presente investigacin̤ busca desarrollar un anl̀isis sobre los aportes y las limitantes del Decreto 1510 de 2013 en la contratacin̤ pb︢lica en el pas̕. A travš de una metodologa̕ cualitativa-descriptiva se realiz ̤una revisin̤ documental para determinar los impactos del mencionado decreto en problemt̀icas como la corrupcin̤ y a la vez para establecer algunas conclusiones sobre la aplicacin̤ de esta normatividad en la naturaleza de la contratacin̤ pb︢lica en el pas̕. 
506 1 |a Disponible solo en los productos indicados  |d vLex Global  |d vLex Global (Academic Edition, excluding Law Schools)  |d vLex Global (U.S. Academic Edition, Law Schools)  |d vLex Global (U.S. Academic Edition, excluding Law Schools)  |d vLex Global (Academic Edition, Law Schools) 
650 0 4 |a Derecho Pb︢lico y Administrativo  |z Colombia 
740 0 |a vLex Libros (Servicio en ln̕ea) 
856 4 0 |u http://vlex.com/source/29632  |z Acceso restringido 
942 |c BOOK 
999 0 |a Public and Administrative Law